00445nam a2200181 a 4500001001300000003000900013005001700022008004100039020000900080082001400089100001600103245003200119260004500151300000800196500003500204650000800239700001600247nice12345678IN_TiNIC20260116014454.0080222s2006 newa grp 000 0 eng  ac2000a340bMAT9 aMathew, P D aThe Indian Trust Act, 1882` aNew DelhibIndian Social Institutec2006 a54p aincludes index and biblioraphy aLaw1 aMathew, P D